Gram panchayat planning: Essays in honour of B N Yugandhar (Record no. 4488)

MARC details
000 -LEADER
fixed length control field 00498nam a2200169Ia 4500
008 - FIXED-LENGTH DATA ELEMENTS--GENERAL INFORMATION
fixed length control field 230917s9999||||xx |||||||||||||| ||und||
020 ## - ISBN
Price RS 1250.00
040 ## - CATALOGING SOURCE
-- 5006120
Original cataloging agency VIVEKANANDA LIBRARY
041 ## - Language
-- English
082 ## - DDC NUMBER
Classification number 320.84 M896G
100 ## - MAIN ENTRY--PERSONAL NAME
Personal name Mukherjee, Amitava
245 #0 - TITLE STATEMENT
Title Gram panchayat planning: Essays in honour of B N Yugandhar
260 ## - PUBLICATION, DISTRIBUTION, ETC. (IMPRINT)
Place of publication, distribution, etc New Delhi
Name of publisher, distributor, etc Concept Publishing Company
Date of publication, distribution, etc 2021
300 ## - PHYSICAL DESCRIPTION
Pages xxi, 266 p.
500 ## - GENERAL NOTE
General note 4367 14/01/2022 IF22/1059 15/01/2022 Main Budget
942 ## - ADDED ENTRY ELEMENTS (KOHA)
Koha item type Books
Holdings
Withdrawn status Lost status Damaged status Not for loan Location (home branch) Sublocation or collection (holding branch) Date acquired Koha issues (times borrowed) Koha full call number Accession No. Koha date last seen Koha item type
        VIVEKANANDA LIBRARY VIVEKANANDA LIBRARY 28/03/2022   320.84 M896G 394037 17/09/2023 Books
© Designed and Maintained by Vivekananda Library, MDU Rohtak